[Event "Venice Autumn 27th"]
[Site "Venice ITA"]
[Date "2023.10.14"]
[Round "2"]
[White "Toniolo, Samuel"]
[Black "Bianchi, Andrea"]
[Result "0-1"]
[WhiteElo "2018"]
[BlackElo "2040"]
[PlyCount "68"]
[EventDate "2023.10.13"]
[EventType "tourn"]
[EventRounds "5"]
[EventCountry "ITA"]
[SourceTitle "Mega2024 Update 01"]
[Source "Chessbase"]
[SourceDate "2023.11.12"]
[SourceVersion "1"]
[SourceVersionDate "2023.11.12"]
[SourceQuality "1"]

1. e4 d6 2. d4 Nf6 3. Nc3 e5 4. Nge2 Nbd7 5. g3 c6 6. a4 a5 7. Bg2 Be7 8. 0-0 0-0 9. h3 Re8 10. Be3 Bf8 11. g4 h6 12. Qd2 exd4 13. Qxd4 Qc7 14. Qd2 Rb8 15. Ba7 Ra8 16. Be3 Rb8 17. Ng3 b5 18. axb5 cxb5 19. Nf5 b4 20. Nd5 Nxd5 21. exd5 Ne5 22. Bd4 Bxf5 23. gxf5 Be7 24. Be4 Bf6 25. b3 Nd7 26. f3 Rbc8 27. Rf2 Bxd4 28. Qxd4 Qc5 29. Qd2 Nf6 30. Qf4 Re5 31. Qh4 Rce8 32. Re1 Rxf5 33. Bxf5 Rxe1+ 34. Kg2 Qxd5 0-1

[Event "Venice Autumn 27th"]
[Site "Venice ITA"]
[Date "2023.10.13"]
[Round "1"]
[White "Toniolo, Samuel"]
[Black "Ceres, Dragos"]
[Result "0-1"]
[WhiteElo "2018"]
[BlackElo "2446"]
[PlyCount "56"]
[EventDate "2023.10.13"]
[EventType "tourn"]
[EventRounds "5"]
[EventCountry "ITA"]
[SourceTitle "Mega2024 Update 01"]
[Source "Chessbase"]
[SourceDate "2023.11.12"]
[SourceVersion "1"]
[SourceVersionDate "2023.11.12"]
[SourceQuality "1"]

1. e4 c5 2. Nf3 d6 3. d4 cxd4 4. Qxd4 Nc6 5. Qd3 g6 6. Nc3 Bg7 7. Be2 Nf6 8. Nd5 0-0 9. Bg5 Be6 10. c3 Nd7 11. Qe3 Bg4 12. Nd4 Bxd4 13. cxd4 Bxe2 14. Qxe2 Nb6 15. Qd2 f5 16. Nc3 fxe4 17. Nxe4 Nc4 18. Qc3 d5 19. b3 Na3 20. Ng3 Nb5 21. Qd3 Nbxd4 22. 0-0 Qd7 23. h4 e5 24. h5 Qg4 25. Bh6 Rf7 26. hxg6 hxg6 27. Qd1 Qh4 28. Be3 Rh7 0-1

[Event "Dueville op-A 1st"]
[Site "Dueville"]
[Date "2023.06.03"]
[Round "2"]
[White "Toniolo, Samuel"]
[Black "Ventura, Sergio"]
[Result "1/2-1/2"]
[WhiteElo "2010"]
[BlackElo "1926"]
[PlyCount "77"]
[EventDate "2023.06.01"]
[EventType "swiss"]
[EventRounds "5"]
[EventCountry "ITA"]
[SourceTitle "EXT 2024"]
[Source "ChessBase"]
[SourceDate "2023.10.10"]
[SourceVersion "1"]
[SourceVersionDate "2023.10.10"]
[SourceQuality "1"]

1. e4 d6 2. d4 g6 3. Nc3 c6 4. Nf3 Bg7 5. Be2 Nf6 6. a4 a5 7. 0-0 0-0 8. h3 Qc7 9. Be3 Nbd7 10. Qd3 b6 11. d5 Ba6 12. Qd2 Bxe2 13. Qxe2 Nc5 14. Qc4 Rac8 15. Bg5 h6 16. Bh4 g5 17. Bg3 cxd5 18. exd5 Nce4 19. Qxc7 Rxc7 20. Nxe4 Nxe4 21. c3 Rfc8 22. h4 g4 23. Nh2 Nxg3 24. fxg3 Rc4 25. Rf4 Rxf4 26. gxf4 g3 27. Nf1 Rc4 28. Nxg3 Rxf4 29. Re1 Be5 30. Re4 Kh7 31. Rxf4 Bxf4 32. Kf2 Kg6 33. Ne2 Be5 34. Kf3 Bf6 35. g3 Kf5 36. Nf4 Ke5 37. Ke3 Kf5 38. Kf3 Ke5 39. Ke3 1/2-1/2

[Event "Mogliano Veneto op-A 43th"]
[Site "Mogliano Veneto"]
[Date "2023.04.24"]
[Round "3"]
[White "Folin, Giorgio"]
[Black "Toniolo, Samuel"]
[Result "1-0"]
[WhiteElo "1715"]
[BlackElo "2028"]
[PlyCount "91"]
[EventDate "2023.04.23"]
[EventType "swiss"]
[EventRounds "5"]
[EventCountry "ITA"]
[SourceTitle "EXT 2024"]
[Source "ChessBase"]
[SourceDate "2023.10.10"]
[SourceVersion "1"]
[SourceVersionDate "2023.10.10"]
[SourceQuality "1"]

1. c4 Nf6 2. Nf3 e6 3. Nc3 d5 4. d4 dxc4 5. e3 a6 6. Bxc4 b5 7. Bd3 Bb7 8. 0-0 c5 9. dxc5 Bxc5 10. Qe2 0-0 11. Rd1 Qe7 12. a3 Nbd7 13. b4 Bd6 14. Bb2 Rac8 15. Nd2 Ne5 16. Nde4 Bb8 17. Nxf6+ Qxf6 18. Be4 Bxe4 19. Nxe4 Qh4 20. Nd6 Ng4 21. h3 Qxf2+ 22. Qxf2 Nxf2 23. Nxc8 Nxd1 24. Ne7+ Kh8 25. Rxd1 Ba7 26. Bd4 Bxd4 27. Rxd4 g6 28. Nc6 Kg7 29. Kf2 Rc8 30. Rd6 Kf6 31. e4 Kg5 32. Kg3 h5 33. h4+ Kf6 34. Kf4 Rc7 35. e5+ Kg7 36. Kg5 Rc8 37. Kf4 Kh6 38. g3 Rc7 39. Nd8 Rc4+ 40. Ke3 Rg4 41. Nxf7+ Kg7 42. Ng5 Rxg3+ 43. Nf3 g5 44. hxg5 Rg4 45. Rxe6 Rc4 46. Rxa6 1-0

[Event "Santa Maria di Sala op-A 29th"]
[Site "Santa Maria di Sala"]
[Date "2022.12.10"]
[Round "5"]
[White "Toniolo, Samuel"]
[Black "Piccirillo, Edoardo"]
[Result "1-0"]
[WhiteElo "2013"]
[BlackElo "2132"]
[PlyCount "125"]
[EventDate "2022.12.09"]
[EventType "swiss"]
[EventRounds "5"]
[EventCountry "ITA"]
[SourceTitle "EXT 2024"]
[Source "ChessBase"]
[SourceDate "2023.10.10"]
[SourceVersion "1"]
[SourceVersionDate "2023.10.10"]
[SourceQuality "1"]

1. e4 d5 2. exd5 Qxd5 3. Nc3 Qd8 4. d4 Nf6 5. Nf3 Bg4 6. Bc4 e6 7. a3 c6 8. Be3 Nbd7 9. h3 Bh5 10. g4 Bg6 11. Bf4 Nb6 12. Bd3 Nbd5 13. Nxd5 Nxd5 14. Be5 Bxd3 15. Qxd3 Nf6 16. 0-0-0 Nd7 17. Bf4 Be7 18. Kb1 Qa5 19. Ne5 Nxe5 20. Bxe5 0-0 21. g5 Rfd8 22. Qg3 Rd7 23. h4 Rad8 24. h5 Bd6 25. Rde1 Bxe5 26. Rxe5 Rd5 27. g6 Rxe5 28. gxf7+ Kxf7 29. dxe5 Qc7 30. h6 g6 31. Qf4+ Kg8 32. Qf6 Qd7 33. f4 Rf8 34. Qg5 Rf5 35. Qg4 Qe7 36. Rd1 Rh5 37. Rd6 Kf7 38. Qd1 Ke8 39. Qd4 Rxh6 40. Qxa7 Rh1+ 41. Ka2 Kf7 42. Qd4 Ke8 43. Qa7 Kf7 44. Qb8 Kg7 45. Qc8 Kh6 46. Qg8 Rf1 47. Rxe6 Qg7 48. Qe8 Rxf4 49. Re7 Rf8 50. Qd7 Qg8+ 51. e6 Rf6 52. Rf7 Rxf7 53. exf7 Qf8 54. Qxb7 Kg7 55. a4 Qc5 56. Qb3 Qa7 57. Qc3+ Kxf7 58. Qxc6 Ke7 59. Qb5 Kd6 60. a5 h5 61. b4 h4 62. Qd3+ Kc6 63. b5+ 1-0

[Event "Chioggia op-A 15th"]
[Site "Chioggia"]
[Date "2022.10.02"]
[Round "4"]
[White "Bordignon, Angelo"]
[Black "Toniolo, Samuel"]
[Result "1-0"]
[WhiteElo "2055"]
[BlackElo "2000"]
[PlyCount "61"]
[EventDate "2022.09.30"]
[EventType "swiss"]
[EventRounds "5"]
[EventCountry "ITA"]
[SourceTitle "EXT 2024"]
[Source "ChessBase"]
[SourceDate "2023.10.10"]
[SourceVersion "1"]
[SourceVersionDate "2023.10.10"]
[SourceQuality "1"]

1. c4 Nf6 2. Nc3 e6 3. e4 d5 4. e5 d4 5. exf6 dxc3 6. bxc3 Qxf6 7. d4 c5 8. Nf3 h6 9. Bd3 Nc6 10. 0-0 Bd6 11. Qe2 Ne7 12. Ne5 Nf5 13. Qe4 cxd4 14. cxd4 Nxd4 15. f4 Bc5 16. Kh1 Nf5 17. Bb2 Qh4 18. Rf3 Nd6 19. Qe2 b6 20. Be4 Rb8 21. Bc6+ Kf8 22. Raf1 Qe7 23. f5 exf5 24. g4 Kg8 25. gxf5 f6 26. Bd5+ Kh7 27. Qg2 Re8 28. Qg6+ Kh8 29. Nc6 Qe2 30. Bxf6 Qxf3+ 31. Bxf3 1-0

[Event "Chioggia op-A 15th"]
[Site "Chioggia"]
[Date "2022.09.30"]
[Round "1"]
[White "Savanovic, Maksim"]
[Black "Toniolo, Samuel"]
[Result "1-0"]
[WhiteElo "2154"]
[BlackElo "2000"]
[PlyCount "69"]
[EventDate "2022.09.30"]
[EventType "swiss"]
[EventRounds "5"]
[EventCountry "ITA"]
[SourceTitle "EXT 2024"]
[Source "ChessBase"]
[SourceDate "2023.10.10"]
[SourceVersion "1"]
[SourceVersionDate "2023.10.10"]
[SourceQuality "1"]

1. d4 Nf6 2. Bf4 d5 3. e3 c5 4. c3 Nc6 5. Nd2 e6 6. Ngf3 cxd4 7. exd4 Nh5 8. Be3 Qc7 9. Ne5 Nxe5 10. Qxh5 Ng6 11. Bd3 Bd6 12. Nf3 Nf4 13. Bxf4 Bxf4 14. Bb5+ Bd7 15. Bxd7+ Qxd7 16. Qg4 Bh6 17. Ne5 Qb5 18. Qf3 0-0 19. Nd3 f6 20. 0-0 Rae8 21. a4 Qc6 22. Nb4 Qd6 23. a5 Qf4 24. Qd3 Qc7 25. g3 f5 26. Rfe1 f4 27. Re5 Qf7 28. Rae1 g6 29. Qf3 Qd7 30. Qg4 Rf5 31. Nxd5 Bg7 32. Rxf5 gxf5 33. Nf6+ Kh8 34. Nxd7 fxg4 35. gxf4 1-0

[Event "Chioggia op-A 14th"]
[Site "Chioggia"]
[Date "2019.10.05"]
[Round "3"]
[White "Toniolo, Samuel"]
[Black "Bordin, Silvia"]
[Result "1-0"]
[WhiteElo "1928"]
[BlackElo "1936"]
[PlyCount "55"]
[EventDate "2019.10.04"]
[EventType "swiss"]
[EventRounds "5"]
[EventCountry "ITA"]
[SourceTitle "EXT 2022"]
[Source "ChessBase"]
[SourceDate "2021.10.06"]
[SourceVersion "1"]
[SourceVersionDate "2021.10.06"]
[SourceQuality "1"]

1. e4 e5 2. Nf3 Nc6 3. Nc3 Nf6 4. Bb5 d6 5. d4 exd4 6. Nxd4 Bd7 7. Be2 g6 8. Bg5 Be7 9. Qd2 Nxd4 10. Qxd4 h6 11. Be3 Bc6 12. 0-0-0 Qd7 13. f3 a6 14. Bc4 Rh7 15. e5 Ng8 16. Nd5 0-0-0 17. Qa7 Qf5 18. Nxe7+ Nxe7 19. exd6 Rxd6 20. Rxd6 cxd6 21. Bb6 Qf4+ 22. Kb1 Qxc4 23. Qa8+ Kd7 24. Qd8+ Ke6 25. Re1+ Kf6 26. Qxd6+ Kg7 27. Bd4+ Kf8 28. Qxe7+ 1-0

[Event "ITA-ch U16"]
[Site "Salsomaggiore Terme"]
[Date "2019.07.12"]
[Round "7"]
[White "Toniolo, Samuel"]
[Black "Colonetti, Fabio"]
[Result "0-1"]
[WhiteElo "1942"]
[BlackElo "2040"]
[PlyCount "102"]
[EventDate "2019.07.07"]
[EventType "swiss"]
[EventRounds "9"]
[EventCountry "ITA"]
[SourceTitle "EXT 2020"]
[Source "ChessBase"]
[SourceDate "2019.10.17"]
[SourceVersion "1"]
[SourceVersionDate "2019.10.17"]
[SourceQuality "1"]

1. e4 Nf6 2. Nc3 d5 3. exd5 Nxd5 4. Bc4 Nb6 5. Bb3 Nc6 6. Nf3 Bf5 7. d3 e6 8. a4 a5 9. 0-0 Be7 10. h3 0-0 11. Ne2 Qd7 12. Ng3 Bg6 13. Re1 h6 14. d4 Rad8 15. c3 Bf6 16. Qe2 Rfe8 17. Ne4 Be7 18. Bf4 Nd5 19. Be5 Bxe4 20. Qxe4 Nf6 21. Qe2 Nxe5 22. dxe5 Nh7 23. Bc2 Nf8 24. Nd4 c6 25. Rad1 Qc7 26. Rd3 Bc5 27. Qh5 Bxd4 28. cxd4 c5 29. Rg3 Kh8 30. Qg4 g6 31. Qh4 Kh7 32. dxc5 Qxc5 33. Rf3 Qe7 34. Rf6 Nd7 35. Rf4 Qxh4 36. Rxh4 Nb6 37. Re3 Nd5 38. Rf3 Kg7 39. Be4 Rd7 40. Bxd5 Rxd5 41. Rb3 Re7 42. Rb5 Rxb5 43. axb5 Rd7 44. Ra4 Rd5 45. Rxa5 b6 46. Ra2 Rxe5 47. Kh2 Rxb5 48. Kg3 Kf6 49. h4 Ra5 50. Rxa5 bxa5 51. Kf4 e5+ 0-1

[Event "Ottavi Province-ch 79th"]
[Site "Mestre"]
[Date "2019.01.26"]
[Round "2"]
[White "Marson, Luca"]
[Black "Toniolo, Samuel"]
[Result "0-1"]
[WhiteElo "1833"]
[BlackElo "1912"]
[PlyCount "82"]
[EventDate "2019.01.25"]
[EventType "swiss"]
[EventRounds "5"]
[EventCountry "ITA"]
[SourceTitle "EXT 2022"]
[Source "ChessBase"]
[SourceDate "2021.10.06"]
[SourceVersion "1"]
[SourceVersionDate "2021.10.06"]
[SourceQuality "1"]

1. e4 c5 2. c3 Nf6 3. e5 Nd5 4. d4 cxd4 5. Nf3 e6 6. Bc4 Nb6 7. Bb3 d6 8. cxd4 Nc6 9. 0-0 Be7 10. Nc3 0-0 11. Bf4 d5 12. Bc2 Nd7 13. Rc1 f6 14. Bg3 f5 15. h3 Nb6 16. Bb3 Bd7 17. Re1 Be8 18. Nb5 Bh5 19. Qd3 a6 20. Nd6 Qd7 21. Bf4 Bxf3 22. gxf3 g5 23. Bh2 Bxd6 24. exd6 f4 25. a3 Qxd6 26. Bc2 Rf7 27. Kh1 Kh8 28. Rg1 Rg8 29. h4 h6 30. hxg5 hxg5 31. Bb1 Qf8 32. Rg4 Qh6 33. Kg2 Kg7 34. b4 Rh8 35. Rh1 Kf8 36. b5 axb5 37. Qxb5 Nc4 38. Qc5+ Kg8 39. Bd3 Nd8 40. Be2 Rfh7 41. Qd6 Qxh2+ 0-1

[Event "Santa Maria di Sala op 26th"]
[Site "Santa Maria di Sala"]
[Date "2018.12.09"]
[Round "5"]
[White "Ghiotto, Marco Luigi"]
[Black "Toniolo, Samuel"]
[Result "1/2-1/2"]
[WhiteElo "1835"]
[BlackElo "1917"]
[PlyCount "41"]
[EventDate "2018.12.07"]
[EventType "swiss"]
[EventRounds "5"]
[EventCountry "ITA"]
[SourceTitle "EXT 2022"]
[Source "ChessBase"]
[SourceDate "2021.10.06"]
[SourceVersion "1"]
[SourceVersionDate "2021.10.06"]
[SourceQuality "1"]

1. d4 Nf6 2. c4 e6 3. Nf3 d5 4. g3 Be7 5. Bg2 0-0 6. 0-0 dxc4 7. Nbd2 c5 8. Nxc4 Nc6 9. dxc5 Bxc5 10. Nfe5 Nxe5 11. Nxe5 Qe7 12. Qb3 Rd8 13. e4 Nd7 14. Nd3 e5 15. Bd2 Bd6 16. Be3 Nf6 17. Rac1 Be6 18. Qb5 Bd7 19. Qb3 Be6 20. Qb5 Bd7 21. Qb3 1/2-1/2

[Event "Chioggia op-A 13th"]
[Site "Chioggia"]
[Date "2018.09.30"]
[Round "4"]
[White "Guidobene, Davide"]
[Black "Toniolo, Samuel"]
[Result "1-0"]
[WhiteElo "2022"]
[BlackElo "1899"]
[PlyCount "59"]
[EventDate "2018.09.28"]
[EventType "swiss"]
[EventRounds "5"]
[EventCountry "ITA"]
[SourceTitle "EXT 2022"]
[Source "ChessBase"]
[SourceDate "2021.10.06"]
[SourceVersion "1"]
[SourceVersionDate "2021.10.06"]
[SourceQuality "1"]

1. e4 c5 2. Nf3 d6 3. d4 cxd4 4. Nxd4 Nf6 5. Nc3 a6 6. Bg5 e6 7. f4 Be7 8. Qf3 Nbd7 9. 0-0-0 Qc7 10. g4 b5 11. Bxf6 Nxf6 12. g5 Nd7 13. f5 Bxg5+ 14. Kb1 Ne5 15. Qh5 Qe7 16. Nxe6 g6 17. Qxg5 fxe6 18. f6 Nf7 19. Qxb5+ axb5 20. fxe7 b4 21. Nb5 Kxe7 22. Rd4 d5 23. exd5 Bb7 24. Bg2 Ra5 25. Rxb4 exd5 26. Nc3 Bc6 27. Rd4 Rd8 28. Rhd1 Ke6 29. b4 Ra3 30. Nxd5 1-0

[Event "Treviso Lega Master op 2nd"]
[Site "Treviso"]
[Date "2018.03.04"]
[Round "5"]
[White "Cappelletto, Joshuaede"]
[Black "Toniolo, Samuel"]
[Result "0-1"]
[WhiteElo "1976"]
[BlackElo "1909"]
[PlyCount "54"]
[EventDate "2018.03.02"]
[EventType "swiss"]
[EventRounds "5"]
[EventCountry "ITA"]
[SourceTitle "EXT 2022"]
[Source "ChessBase"]
[SourceDate "2021.10.06"]
[SourceVersion "1"]
[SourceVersionDate "2021.10.06"]
[SourceQuality "1"]

1. e4 c5 2. Nc3 Nc6 3. f4 e6 4. Nf3 Nge7 5. e5 Nf5 6. Ne4 Be7 7. c3 0-0 8. Bd3 f6 9. Bb1 fxe5 10. fxe5 Qc7 11. d4 cxd4 12. cxd4 Ncxd4 13. Nxd4 Nxd4 14. Qxd4 Qxc1+ 15. Ke2 Qxh1 16. Nf6+ Kh8 17. Bxh7 Qxg2+ 18. Kd3 gxf6 19. Qh4 fxe5 20. Qxe7 Rf3+ 21. Kc4 Qe2+ 22. Kc5 b6+ 23. Kd6 Qd2+ 24. Kc7 Ba6 25. Bd3 Rc8+ 26. Kxd7 Qxd3+ 27. Kxe6 Bc4+ 0-1

[Event "Ottavi Province-ch 78th"]
[Site "Mestre"]
[Date "2018.01.28"]
[Round "4"]
[White "Marcucci, Michele"]
[Black "Toniolo, Samuel"]
[Result "0-1"]
[WhiteElo "1684"]
[BlackElo "1863"]
[PlyCount "40"]
[EventDate "2018.01.26"]
[EventType "swiss"]
[EventRounds "5"]
[EventCountry "ITA"]
[SourceTitle "EXT 2022"]
[Source "ChessBase"]
[SourceDate "2021.10.06"]
[SourceVersion "1"]
[SourceVersionDate "2021.10.06"]
[SourceQuality "1"]

1. d4 Nf6 2. Nf3 d5 3. c4 e6 4. Bg5 Bb4+ 5. Nc3 dxc4 6. e4 c5 7. e5 cxd4 8. exf6 gxf6 9. Bh4 e5 10. Bxc4 Qe7 11. 0-0 dxc3 12. Nxe5 cxb2 13. Bxf7+ Kf8 14. Qh5 Qxe5 15. Rad1 Nc6 16. Be8 Qxh5 17. Bxh5 Kg7 18. g4 Be6 19. g5 fxg5 20. Bxg5 Bf5 0-1

[Event "Salzano op-B"]
[Site "Salzano"]
[Date "2017.12.03"]
[Round "5"]
[White "Capito, Mario"]
[Black "Toniolo, Samuel"]
[Result "0-1"]
[WhiteElo "1797"]
[BlackElo "1667"]
[PlyCount "54"]
[EventDate "2017.12.01"]
[EventType "swiss"]
[EventRounds "5"]
[EventCountry "ITA"]
[SourceTitle "EXT 2022"]
[Source "ChessBase"]
[SourceDate "2021.10.06"]
[SourceVersion "1"]
[SourceVersionDate "2021.10.06"]
[SourceQuality "1"]

1. c4 Nf6 2. Nf3 e6 3. b3 d5 4. e3 Bd6 5. Bb2 Nbd7 6. Qc2 0-0 7. Be2 c6 8. d4 b6 9. Nbd2 Bb7 10. Ne5 c5 11. Rd1 Rc8 12. Qb1 Qc7 13. Qa1 cxd4 14. exd4 dxc4 15. Nexc4 Bxg2 16. Rg1 Bb7 17. Nxd6 Qxd6 18. d5 exd5 19. Ne4 Qb4+ 20. Kf1 Qxe4 21. Rd4 Qe7 22. Rxg7+ Kxg7 23. Rg4+ Kh8 24. Rf4 Rc2 25. Bg4 Ba6+ 26. Kg1 Rxb2 27. Qxb2 Rg8 0-1

[Event "Salzano op-B"]
[Site "Salzano"]
[Date "2017.12.02"]
[Round "3"]
[White "Toniolo, Samuel"]
[Black "Rossi, Gianni"]
[Result "1-0"]
[WhiteElo "1667"]
[BlackElo "1820"]
[PlyCount "101"]
[EventDate "2017.12.01"]
[EventType "swiss"]
[EventRounds "5"]
[EventCountry "ITA"]
[SourceTitle "EXT 2022"]
[Source "ChessBase"]
[SourceDate "2021.10.06"]
[SourceVersion "1"]
[SourceVersionDate "2021.10.06"]
[SourceQuality "1"]

1. e4 Nf6 2. e5 Nd5 3. d4 d6 4. c4 Nb6 5. exd6 exd6 6. Nc3 Nc6 7. Be3 Be7 8. Bd3 0-0 9. b3 Bf6 10. Nge2 Re8 11. 0-0 Bg4 12. Qd2 d5 13. c5 Nc8 14. h3 Be6 15. Rfb1 N8e7 16. b4 Nf5 17. Bc2 Nxe3 18. fxe3 Qd7 19. Nf4 Bg5 20. Bb3 Bxf4 21. exf4 Ne7 22. Kh2 c6 23. Re1 Ng6 24. Bc2 Nh4 25. Qf2 Nf5 26. g4 Nh6 27. f5 Qc7+ 28. Qg3 Qxg3+ 29. Kxg3 Bd7 30. b5 Kf8 31. Ba4 Rab8 32. Kf4 Ng8 33. Rab1 Nf6 34. Re5 Red8 35. Re2 a6 36. bxa6 bxa6 37. Reb2 Rxb2 38. Rxb2 Re8 39. Rb7 Ne4 40. Nd1 Nxc5 41. dxc5 Re4+ 42. Kf3 Rxa4 43. Rxd7 Ra5 44. Rb7 Rxc5 45. Rb6 a5 46. Ke3 Rc1 47. Kd2 Rc4 48. Ne3 Rd4+ 49. Kc3 c5 50. f6 gxf6 51. Rb8+ 1-0

[Event "Chioggia op-B 12th"]
[Site "Chioggia"]
[Date "2017.10.07"]
[Round "3"]
[White "Toniolo, Samuel"]
[Black "Rosina, Graziano"]
[Result "1/2-1/2"]
[WhiteElo "1621"]
[BlackElo "1830"]
[PlyCount "94"]
[EventDate "2017.10.06"]
[EventType "swiss"]
[EventRounds "5"]
[EventCountry "ITA"]
[SourceTitle "EXT 2022"]
[Source "ChessBase"]
[SourceDate "2021.10.06"]
[SourceVersion "1"]
[SourceVersionDate "2021.10.06"]
[SourceQuality "1"]

1. e4 e5 2. Nf3 Nf6 3. Nxe5 d6 4. Nf3 Nxe4 5. d4 d5 6. Bd3 Nc6 7. 0-0 Be7 8. c4 Nb4 9. Be2 Bf5 10. a3 Nc6 11. Nc3 Nxc3 12. bxc3 0-0 13. Bf4 Rc8 14. Re1 Bf6 15. Bd3 Bxd3 16. Qxd3 Na5 17. cxd5 Qxd5 18. Nd2 b6 19. Ne4 Bd8 20. Qh3 f5 21. Ng3 Nc4 22. Be5 Qf7 23. Nh5 g6 24. Nf4 Bg5 25. Nd3 Rfe8 26. f4 Bf6 27. Bxf6 Qxf6 28. Ne5 Nxe5 29. Rxe5 Rxe5 30. fxe5 Qe6 31. Qd3 c5 32. Re1 cxd4 33. cxd4 Rd8 34. Kf2 Kg7 35. Re2 Kg8 36. Qc3 Kf7 37. Rc2 b5 38. Qh3 Kg7 39. Rc7+ Rd7 40. Rxd7+ Qxd7 41. Qe3 Qe6 42. Qc3 a6 43. Qc7+ Kh6 44. Qd6 Qa2+ 45. Kg3 Qe2 46. h3 Qe3+ 47. Kh2 Qf4+ 1/2-1/2

[Event "Treviso op-D 1st"]
[Site "Treviso"]
[Date "2017.03.19"]
[Round "4.3"]
[White "El Khalqi, Mohamed"]
[Black "Toniolo, Samuel"]
[Result "0-1"]
[WhiteElo "1474"]
[BlackElo "1407"]
[PlyCount "140"]
[EventDate "2017.03.17"]
[EventType "swiss"]
[EventRounds "5"]
[EventCountry "ITA"]
[SourceTitle "EXT 2024"]
[Source "ChessBase"]
[SourceDate "2023.10.10"]
[SourceVersion "1"]
[SourceVersionDate "2023.10.10"]
[SourceQuality "1"]

1. d4 Nf6 2. c4 e6 3. Bg5 Be7 4. Nf3 d5 5. e3 a6 6. Nc3 dxc4 7. Bxc4 b5 8. Bd3 Bb7 9. Bxf6 Bxf6 10. Be4 Bxe4 11. Nxe4 Nd7 12. Rc1 Rc8 13. 0-0 0-0 14. Nxf6+ Qxf6 15. Rc6 Nb8 16. Rc5 Nd7 17. Rc6 Nb8 18. Rc5 Nd7 19. Rc6 Nb8 20. Rc3 Qe7 21. Qc2 c5 22. Rxc5 Rxc5 23. Qxc5 Qxc5 24. dxc5 Rc8 25. Rc1 Kf8 26. Kf1 a5 27. b3 Na6 28. Nd4 b4 29. c6 Ke7 30. c7 Kd7 31. Nc6 Rxc7 32. Ne5+ Ke7 33. Rxc7+ Nxc7 34. Nc6+ Kd6 35. Nxa5 Nb5 36. Ke1 Nc3 37. a3 bxa3 38. Nc4+ Kc5 39. Nxa3 Kb4 40. Nc4 Kxb3 41. Nd6 f5 42. Ne8 g6 43. Ng7 e5 44. Ne6 Nd5 45. Ke2 Kc4 46. Ng5 Nf6 47. f3 Kd5 48. g3 e4 49. fxe4+ fxe4 50. Nh3 Ng4 51. Nf4+ Ke5 52. h3 Nf6 53. Kf2 Nd5 54. Ke2 g5 55. Ng2 Kd6 56. h4 h6 57. g4 Nf6 58. hxg5 hxg5 59. Ne1 Nxg4 60. Nc2 Ke5 61. Nd4 Nh6 62. Kf2 Ng4+ 63. Ke2 Nh6 64. Kf2 Nf5 65. Nc2 Kd5 66. Ne1 Kc4 67. Ke2 Kc3 68. Ng2 Nh4 69. Ne1 g4 70. Kf2 Kd2 0-1

[Event "Treviso op-D 1st"]
[Site "Treviso"]
[Date "2017.03.18"]
[Round "2.4"]
[White "Toniolo, Samuel"]
[Black "De Simon, Maurizio"]
[Result "1-0"]
[WhiteElo "1407"]
[BlackElo "1451"]
[PlyCount "47"]
[EventDate "2017.03.17"]
[EventType "swiss"]
[EventRounds "5"]
[EventCountry "ITA"]
[SourceTitle "EXT 2024"]
[Source "ChessBase"]
[SourceDate "2023.10.10"]
[SourceVersion "1"]
[SourceVersionDate "2023.10.10"]
[SourceQuality "1"]

1. e4 g6 2. d4 Bg7 3. f4 d6 4. Bc4 Nf6 5. Nc3 c6 6. Bb3 b5 7. e5 dxe5 8. fxe5 Nd5 9. Bxd5 cxd5 10. Nxb5 0-0 11. Ne2 a6 12. Nbc3 Bb7 13. 0-0 Nc6 14. Be3 Rc8 15. Qc1 Na5 16. Bh6 f6 17. Bxg7 Kxg7 18. Nf4 Qd7 19. Qe1 g5 20. exf6+ Kh8 21. fxe7 Rxf4 22. Qe5+ Kg8 23. Qxg5+ Kh8 24. Rxf4 1-0